Statistics for Countries with a Y in their names

Click here to take the quiz!

General Stats

  • This quiz has been taken 190 times
  • The average score is 12 of 18

Answer Stats

Country% Correct
Paraguay
80%
Uruguay
80%
Yemen
75%
Italy
73%
Myanmar
71%
Germany
70%
Malaysia
70%
Kyrgyzstan
67%
Libya
67%
Norway
67%
Guyana
65%
Kenya
65%
Hungary
64%
Syria
64%
Turkey
62%
Egypt
61%
Cyprus
54%
Seychelles
54%

Score Distribution

Percentile by Number Answered

Percent of People with Each Score

Your Score History

You have not taken this quiz